LIBRARY & INFORMATION CENTRE, KCAET, TAVANUR

ONLINE PUBLIC ACCESS CATALOGUE (OPAC)

Malabarinted Shikkari / (Record no. 5967)

MARC details
000 -LEADER
fixed length control field 00415cam a2200169ua 4500
041 ## - LANGUAGE CODE
Language code of text/sound track or separate title mal
082 ## - DEWEY DECIMAL CLASSIFICATION NUMBER
Classification number 894.812308
Item number SIV/MA
100 ## - MAIN ENTRY--AUTHOR NAME
Personal name Sivadasa, Menon .
245 ## - TITLE STATEMENT
Title Malabarinted Shikkari /
260 ## - PUBLICATION, DISTRIBUTION, ETC. (IMPRINT)
Place of publication Palakkad :
Name of publisher Udaya Publications ,
Year of publication 1959.
300 ## - PHYSICAL DESCRIPTION
Number of Pages 451 ; .
942 ## - ADDED ENTRY ELEMENTS (KOHA)
Koha item type Books
Holdings
Withdrawn status Lost status Damaged status Home library Current library Date acquired Full call number Accession Number Koha item type Public note
Withdrawn     KAUAET Malayalam University 07/04/2012 894.812308 8693 Books Transferred to Malayalam University
free website counter